MDQL
is popping MORE tags! Check the
thread
!
Quizzes
Events
Quiz Creation
Community
Videos
Private Events
Remove Ads
Sign In
Join for FREE
Feedback
Dark Mode
Quiz Categories
Sports
Geography
Music
Movies
Television
Just For Fun
Miscellaneous
History
Literature
Language
Science
Gaming
Entertainment
Religion
Holiday
For Kids
Quiz Lab
Recent
Popular Today
Quiz Kudos Today
Editor Picks
Curator Picks
Quizzes by...
Day
Popularity
Type
Ratings
Length
Year
Community
Subscriptions
Recent Discussions
Orange Saloon
Badges
Playlists
Quests
Create
Leaderboards
Showdown
Live 5
Trivia Bingo
Activity
Puzzle Library
Sporcle Events
Private Events
Virtual Trivia
Globe League
Become a Host
Pub Owners
SporcleCon
Opinionation
Our Games
Videos
Blog
Mobile Apps
Partnerships
Remove Ads and Go Orange
Feedback
Sports
Athletes
MLB
NBA
NHL
NFL
Soccer
Sports Teams
WWE
NCAA
Football
Premier League
Basketball
Baseball
Hockey
Golf
Tennis
Cricket
Rugby
Auto Racing
Olympics
World Cup
Sports
Athletes
MLB
NBA
NHL
NFL
Soccer
Sports Teams
WWE
NCAA
Football
Premier League
Basketball
Baseball
Hockey
Golf
Tennis
Cricket
Rugby
Auto Racing
Olympics
World Cup
Random Quiz
Search Sporcle
×
Quiz Lab
Quiz Lab
Sports
MLB
Type in answers that appear in a list
Type in answers that appear in a list
Classic
Best Score? Go Orange.
50 Best Foregin MLB stars ever Stats
Can you name the 50 Best Foregin MLB stars ever?
By
bark
15m
50 Questions
180 Plays
180 Plays
180 Plays
Comments
Comments
Give Quiz Kudos
Give Quiz Kudos
-
- Ratings
hide this ad
Replay
Link that replays current quiz
Next Quiz
Link to next quiz in quiz playlist
You Got
0%
They Got
Avg Score
43%
Avg Friend Score
Upgrade to see
Score Distribution
Jump to the score distribution portion of the page
Score
0/50
Timer
15:00
0
Plays Today
Years Played and teams played for
Player
% Correct
2001-
Present STL
Albert Pujols
96.7%
1955-
1972 PIT
Roberto Clemente
96.1%
1995-
Persent NYY
Mariano Rivera
85.6%
2001-
Persent SEA
Ichiro Suzuki
81.7%
2002-
Persent LAA,NYM
Franciso Rodriguez
79.4%
1989-
2007 TEX,CHW,CHC,BAL,TEX
Sammy Sosa
77.2%
1993-
2011 CLE,BOS,LAD,CHW,TB
Manny Ramirez
74.4%
1996-
Persent MON,LAA,TEX,BAL
Vladimir Guerrero
72.8%
1992-
2009 LAD,MON,BOS,NYM,PHI
Pedro Martinez
70.6%
1989-
2005 TEX,DET,CLE,TEX,KC,CLE
Juan Gonzalez
67.2%
1997-
Persent MIN,BOS
David Ortiz
66.1%
2003-
Persent FLA,DET
Miguel Cabrera
66.1%
1967-
1985 MIN, LAA
Rod Carew
65.6%
2000-
Persent MIN,NYM
Johan Santana
65%
2005-
Persent NYY
Robinson Cano
63.9%
2003-
Persent MIN
Justin Morneau
62.2%
1999-
Persent NYY,TEX,WAS,CHC
Alfonso Soriano
61.7%
1995-
Persent NYY
Jorge Posada
58.9%
1993-
2009 TOR,FLA,NYM
Carlos Delgado
55.6%
1989-
2005 MON,COL,STL
Larry Walker
55.6%
1991-
2006 NYY
Bernie Williams
55%
1998-
Persent LAD,SEA,BOS,TEX
Adrian Beltre
53.9%
1997-
Persent OAK,BAL,HOU,BAL,SD,SFG
Miguel Tejada
52.8%
1996-
Persent ATL,LAD,TEX,CHW,NYY
Andruw Jones
51.7%
1964-
1986 CIN,MON,BOS,PHI,CIN
Tony Perez
51.7%
Years Played and teams played for
Player
% Correct
1958-
1974 SFG,STL,ATL,OAK,BOS,KC
Orlando Cepeda
48.3%
1988-
2004 SD,TOR,BAL,CLE,NYM,CHW,ARI,CHW
Roberto Alomar
47.8%
1960-
1975 SFG,BOS,LAD
Juan Marichal
47.2%
1985-
2001 OAK,TEX,BOS,OAK,TOR,TB,NYY,CHW
Jose Canseco
43.9%
1991-
Persent TEX,FLA,DET,NYY,HOU,TEX,WAS
Ivan Rodriguez
37.8%
1989-
Persent SEA,CLE,SAN,TEX,CHW
Omar Vizquel
36.7%
1965-
1983 PHI,CHC,TEX,BOS,TEX,CHC
Ferguson Jenkins
35%
1956-
1973 CHW,BAL,CHW,BOS
Luis Aparicio
33.9%
1958-
1974 SAN,MIL,OAK,NYY,MON,MIL
Felipe Alou
32.8%
1962-
1976 MIN
Tony Oliva
28.9%
1949-
1980 CLE,CHW,CLE,CHW,STL,SEN,CHW
Minnie Minoso
26.7%
1970-
1992 MIN,TEX,PIT,CLE,MIN,CAL
Bert Blyleven
26.1%
1964-
1983 KC,TEX,CAL,NYY
Bert Campaneris
13.9%
1986-
2005 CHC,TEX,BAL,TEX,BAL
Rafael Palmerio
7.8%
1963-
1979 MIL,TEX,CHC,OAK,CLE,TOR,OAK,TOR
Rico Carty
6.7%
1923-
1947(Negro Leagues)
Martin Dihigo
6.1%
1871-
1877 BRS,BRC
Harry Wright
4.4%
1914-
1935 BOB,CIN,BRO,NYG
Dolf Luque
3.9%
1949-
1959 CLE,BAL,BOS,MIL
Bobby Avila
3.3%
1908-
1926 (Negro Leagues)
Jose Mendez
2.8%
1913-
1934 (Negro Leagues)
Cristobal Torriente
2.2%
1889-
1905 COS,CLE,NYG,BAL,SEN,BRO,PHI,NYH
Jack Doyle
1.7%
1878-
1887 IND,CLB,COR,PRO,CWS,PIT
Jim McCormick
1.7%
1881-
1894 DET,LOU,STB,TOL,CIN,BAL,CLE
Tony Mullane
1.1%
1883-
1893 NYG,STB,CHP,CIN
Tip O' Neill
0%
Quiz Playlist
Details
Report
Send in Message
Add To Playlist
Classic:
Type in answers that appear in a list
Last Updated: Feb 16, 2017
Quiz Scoreboard
CHALLENGE
Sign Up to Join the Scoreboard
Show All
Scores
Hide
Comments
May contain spoilers
Recently Published
Street Fighter Characters
by Artimus82
Gaming
60s
9x9 Crossword: Cartoon Network
by jackfrog10
Miscellaneous
3m
College Basketball Coaching Resumes
by pancakes188
Sports
9m
More to Explore
Quiz From the Vault
Featured Blog Post
Where Did the Easter Bunny Come From?
hide this ad
You Might Also Like...
Tags
Baseball Quiz
MLB Quiz
50 Best
birthplace
Ever
Player
star
team
Today's Top Quizzes in Sports
Browse Sports
hide this ad
Today's Top Quizzes in MLB
Browse MLB
Top Contributed Quizzes in Sports
1
2022 World Cup Stars
2
Les meilleurs buteurs des matchs entre le PSG et l’OM
3
FIFA Club World Cup Champions
4
Les entraîneurs de l'OM et du PSG au 21e siècle
5
Criteria MLB: Left Handed Sluggers
6
2023 MLB Unique Player Accomplishments
7
AFC Teams Reveal (Wrong Answers Minefield)
8
5-to-1: FBS Animal Nicknames
9
Players with Multiple 50 Home Run Seasons
10
5-to-1: UK Sports Teams
Explore More
Trending Topics
Marvel
Kpop
Crossword
Disney
Harry Potter
Anime
NBA
Country
WWE
Puzzle
Song
Pokémon
Soccer
NFL
The Office
hide this ad
More By:
bark
Quiz
Plays
Rating
Category
Featured
Created
50 Greatest New York Mets
506
1.00
Sports
Oct 30, 2011
Toronto Blue Jays Best Hitter By Year
254
2.40
Sports
Aug 6, 2011
2002 MLB Standings
206
Sports
Apr 23, 2011
Mets Pitching Leaders By Decade
190
3.00
Sports
Jul 17, 2011
MLB The show cover althlets
181
1.00
Gaming
Apr 24, 2011
Go to Creator's Profile
Score Distribution
Quiz Creator Spotlight
bark
Follow
Send a Message
Quizzes Created
-
Created Quiz Play Count
-
More By This Creator
Popular Quizzes Today
1
Find the US States - No Outlines Minefield
2
Find the Countries of Europe - No Outlines Minefield
3
The Countries of the World
4
Find the US States
5
Risky Map Clicking: Biggest States A-Z
6
US States
7
Popular People in 1961
8
Movies - When Are They Set?
More Sports Quizzes
MLB American League MVP Runners-Up (1980s)
Quiz Lab
Trending Quizzes
Risky Map Clicking: Least Populous States A-Z
Countries of the World: 200 Million BC
1-10 Letter G Words
Risky Map Clicking: Next State Alphabetically
Adjectives in 80s TV Shows
Recently Updated
Leaping Animals
pecheneg
Reality TV Shows (A-Z)
bhenderson79
Rickey Henderson's Hall of Fame Teammates
pecheneg
Champions League XIs: Arsenal
pecheneg
Quick Pick: Celebrities in WWE's Hall of Fame
aduchscher
A-Z Keypad Blitz II
pecheneg
Multiple Oscar Actors
pecheneg
Mystery Phrase Blitz: Oscar 'Best Actors'
pecheneg
F. Scott Fitzgerald Novels
LTH
Pick 3 Villains
ddd62291
Trending Topics
Anime
Crossword
Harry Potter
Kpop
Marvel
NBA
Disney
NFL
WWE
Pokémon
Soccer
The Office
Song
Puzzle
Country
Your Account Isn't Verified!
In order to create a playlist on Sporcle, you need to verify the email address you used during registration. Go to your
Sporcle Settings
to finish the process.
Report this User
Report this user for behavior that violates our
Community Guidelines
.
Details:
Send Report
Go to the Sporcle.com Mobile Site →
Comments